| 000 | 01014cam a22002531i 4500 | ||
|---|---|---|---|
| 003 | SA-RiAUC | ||
| 005 | 20250807062211.0 | ||
| 008 | 250806s2015 su g 000 0 ara c | ||
| 040 |
_aSA-JeALM _bara _cSA-RiAUC _erda |
||
| 082 | 0 | 4 |
_a252.29 _qSA-RiAUC |
| 090 |
_a252.29 _bع ق ي |
||
| 100 | 1 |
_aالعقيلي، عقيل بن أحمد دخيل، _d1359 هجري- _eمؤلف. |
|
| 245 | 1 | 2 |
_aالنهي عن صلاة النافلة وقت النهي / _cإعداد عقيل بن أحمد العقيلي. |
| 250 | _aالطبعة الأولى. | ||
| 264 | 1 |
_a[المدينة المنورة] : _bدار الإداوة للنشر، _c2015 |
|
| 300 |
_a85 صفحة ؛ _c14 × 21 سم |
||
| 336 |
_aنص _btxt _2rdacontent _3كتاب |
||
| 337 |
_aبدون وسيط _bn _2rdamedia |
||
| 338 |
_aمجلد _bnc _2rdacarrier |
||
| 650 | 7 |
_aصلاة السنة (فقه إسلامي) _2aucsh |
|
| 650 | 7 |
_aالصلاة (فقه إسلامي) _2aucsh |
|
| 942 |
_2ddc _cBOOK _n0 |
||
| 949 |
_aSA-JeALM _d250806 _umohamedma123 _n1 |
||
| 999 |
_c10602 _d10602 |
||